MDQL
is popping MORE tags! Check the
thread
!
Quizzes
Events
Quiz Creation
Community
Videos
Private Events
Remove Ads
Sign In
Join for FREE
Feedback
Dark Mode
Quiz Categories
Sports
Geography
Music
Movies
Television
Just For Fun
Miscellaneous
History
Literature
Language
Science
Gaming
Entertainment
Religion
Holiday
For Kids
Quiz Lab
Recent
Popular Today
Quiz Kudos Today
Editor Picks
Curator Picks
Quizzes by...
Day
Popularity
Type
Ratings
Length
Year
Community
Subscriptions
Recent Discussions
Orange Saloon
Badges
Playlists
Quests
Create
Leaderboards
Showdown
Live 5
Trivia Bingo
Activity
Puzzle Library
Sporcle Events
Private Events
Virtual Trivia
Globe League
Become a Host
Pub Owners
SporcleCon
Opinionation
Our Games
Videos
Blog
Mobile Apps
Partnerships
Remove Ads and Go Orange
Feedback
Miscellaneous
Crossword
General Knowledge
Baby Names
Logo
Food
Cars
Numbers
Grab Bag
University
College
Popular
Company
Slogans
Restaurants
Justice
Letter
Miscellaneous
Crossword
General Knowledge
Baby Names
Logo
Food
Cars
Numbers
Grab Bag
University
College
Popular
Company
Slogans
Restaurants
Justice
Letter
Random Quiz
Search Sporcle
×
Editor Pick
Editor Pick
Miscellaneous
University
Type in answers that appear in a list
Type in answers that appear in a list
Classic
Best Score? Go Orange.
Not a State State University Stats
Can you name the home state for these not-a-state state schools?
By
whoiswillo1
6m
30 Questions
3,121 Plays
3,121 Plays
3,121 Plays
Comments
Comments
Give Quiz Kudos
Give Quiz Kudos
-
- Ratings
hide this ad
More Info
Forced Order
Answers have to be entered in order
Answers have to be entered in order
Replay
Link that replays current quiz
Next Quiz
Link to next quiz in quiz playlist
You Got
0%
They Got
Avg Score
64%
Avg Friend Score
Upgrade to see
Score Distribution
Jump to the score distribution portion of the page
Score
0/30
Timer
06:00
0
Plays Today
School
State
% Correct
Chicago State
Illinois
96.3%
Cleveland State
Ohio
96%
Boise State
Idaho
95.4%
San Diego State
California
91.5%
San Jose State
California
90.6%
Wichita State
Kansas
87.6%
Portland State
Oregon
87.2%
Sam Houston State
Texas
86.3%
Savannah State
Georgia
86.3%
Stephen F. Austin State
Texas
81.7%
Kent State
Ohio
81.4%
Jackson State
Mississippi
80.2%
Bowling Green State
Ohio
76.9%
Norfolk State
Virginia
74.1%
Youngstown State
Ohio
73.5%
School
State
% Correct
Ball State
Indiana
71.3%
Appalachian State
North Carolina
69.7%
Grambling State
Louisiana
53.6%
Kennesaw State
Georgia
47.5%
Wright State
Ohio
46.1%
Murray State
Kentucky
44.4%
Morehead State
Kentucky
43.9%
Alcorn State
Mississippi
43.6%
Austin Peay State
Tennessee
43%
Jacksonville State
Alabama
41.9%
Weber State
Utah
36.5%
Northwestern State
Louisiana
31%
Coppin State
Maryland
30.3%
Nicholls State
Louisiana
29.2%
Morgan State
Maryland
28.7%
Quiz Playlist
Details
Report
Send in Message
Add To Playlist
More Info:
You can use the postal abbreviation for the states.
Classic:
Type in answers that appear in a list
Forced Order:
Answers have to be entered in order
Last Updated: Feb 16, 2017
Editor Pick in
Miscellaneous
Quiz Scoreboard
CHALLENGE
Sign Up to Join the Scoreboard
Show All
Scores
Hide
Comments
May contain spoilers
Recently Published
Colored Red Africa Blitz
by spor1
Geography
30s
Find the 'City' Movie
by crazypaving
Movies
60s
5x2 Blitz: Bands
by SL_Kpop136
Music
30s
More to Explore
Quiz From the Vault
Featured Blog Post
14 Easter Pick-up Lines to Find Eggs With
hide this ad
You Might Also Like...
Tags
State Quiz
University Quiz
home
school
Today's Top Quizzes in Miscellaneous
Browse Miscellaneous
hide this ad
Today's Top Quizzes in University
Browse University
Top Contributed Quizzes in Miscellaneous
1
The JOE quick-fire general knowledge quiz: Day 174
2
5-to-1: Fast Food
3
9x9 Crossword: Disney Movie Titles
4
9x9 Crossword: Charlie and the Chocolate Factory
5
The JOE quick-fire general knowledge quiz: Day 173
6
9x9 Crossword: 2022 Movies
7
9x9 Crossword: Actors
8
9x9 Crossword: The Simpsons
9
9x9 Crossword: Pixar Movie Titles
10
9x9 Crossword: Flags
Explore More
Trending Topics
Kpop
Crossword
NBA
Anime
Disney
Marvel
Harry Potter
Soccer
NFL
WWE
Pokémon
Song
Puzzle
Country
The Office
hide this ad
More By:
whoiswillo1
Quiz
Plays
Rating
Category
Featured
Created
Not a State State University
3,121
4.59
Miscellaneous
Dec 10, 2013
West Wing Logic Puzzle
2,184
1.86
Television
Dec 10, 2013
2016 Indianapolis 500 Lap Leaders Minefield
1,349
3.00
Sports
May 29, 2016
2018 Indianapolis 500 Lap Leaders Minefield
1,137
5.00
Sports
May 27, 2018
Not Actually a One Hit Wonder
858
4.23
Music
Dec 25, 2013
Go to Creator's Profile
Score Distribution
Quiz Creator Spotlight
whoiswillo1
Follow
Send a Message
Quizzes Created
-
Created Quiz Play Count
-
More By This Creator
Popular Quizzes Today
1
Colored Red Africa Blitz
2
Find the US States - No Outlines Minefield
3
Find the 'City' Movie
4
5x2 Blitz: Bands
5
The Countries of the World
6
Find the US States
7
Find the Countries of Europe - No Outlines Minefield
8
US States
More Miscellaneous Quizzes
Z on the Menu!
Published
Trending Quizzes
Colored Red Europe Blitz I
Colored Red Europe Blitz II
Colored Red Africa Blitz II
Colored Red Europe Blitz III
Colored Red Africa Blitz III
Recently Updated
How Do You Spell That?
pecheneg
Godzilla Movies
pecheneg
Grab Bag: 4-10 Letters
pecheneg
2024 March Madness Bracket
pecheneg
Famous TV Couples
Peacemaker
Champions League XIs: Real Madrid
pecheneg
Largest US Cities 1790-2010
pecheneg
Rides in Walt Disney World
pecheneg
Most Oscar Losses (Acting)
pecheneg
Beyoncé Albums
pecheneg
Trending Topics
Kpop
Marvel
Crossword
Disney
Anime
NBA
Harry Potter
Song
Pokémon
Soccer
The Office
NFL
Puzzle
WWE
Country
Your Account Isn't Verified!
In order to create a playlist on Sporcle, you need to verify the email address you used during registration. Go to your
Sporcle Settings
to finish the process.
Report this User
Report this user for behavior that violates our
Community Guidelines
.
Details:
Send Report
Go to the Sporcle.com Mobile Site →
Comments